IFM Opac

Pension Schemes (Record no. 5826)

MARC details
000 -LEADER
fixed length control field 00320nam a2200133Ia 4500
082 ## - DEWEY DECIMAL CLASSIFICATION NUMBER
Classification number 331.25 MIT
100 ## - MAIN ENTRY--PERSONAL NAME
Personal name Mitchell, John K.
9 (RLIN) 2322
245 ## - TITLE STATEMENT
Title Pension Schemes
260 ## - PUBLICATION, DISTRIBUTION, ETC.
Place of publication, distribution, etc. London:
Name of publisher, distributor, etc. Stone & Cox
Date of publication, distribution, etc. 1968
300 ## - PHYSICAL DESCRIPTION
Extent 107p. ;21cm
500 ## - GENERAL NOTE
General note includes Index
650 ## - SUBJECT ADDED ENTRY--TOPICAL TERM
Topical term or geographic name entry element Pensionslabor economics
9 (RLIN) 2323
942 ## - ADDED ENTRY ELEMENTS (KOHA)
Koha item type Books
Holdings
Withdrawn status Lost status Damaged status Not for loan Collection code Home library Current library Shelving location Date acquired Total Checkouts Full call number Barcode Date last seen Price effective from Koha item type
        Non-fiction IFM Main Campus Library IFM Main Campus Library Archival Collection 09/10/2021   331.252 MIT 0000009614 05/15/2015 02/19/2022 Books
        Non-fiction IFM Main Campus Library IFM Main Campus Library Archival Collection 09/10/2021   331.252 MIT 0000009615 10/21/2015 02/19/2022 Books